Indicator models of real GDP growth in selected OECD countries
Na minha lista:
| Autor principal: | |
|---|---|
| Outros Autores: | |
| Formato: | Livro |
| Idioma: | inglês |
| Publicado em: |
Paris
OECD
2003
|
| Colecção: | Economics department working papers
No. 364 |
| Assuntos: | |
| Tags: |
Sem tags, seja o primeiro a adicionar uma tag!
|
MARC
| LEADER | 00000nam a2200000 4500 | ||
|---|---|---|---|
| 001 | 0024809 | ||
| 005 | 20240223110210.1 | ||
| 041 | 0 | |a eng | |
| 044 | |a FR | ||
| 245 | 1 | 0 | |a Indicator models of real GDP growth in selected OECD countries |c by Frank Sédillot and Nigel Pain |
| 264 | 1 | |a Paris |b OECD |c 2003 | |
| 300 | |a 49 s. | ||
| 490 | 1 | |a Economics department working papers |v No. 364 | |
| 830 | 0 | |a Economics department working papers |v No. 364 | |
| 610 | 2 | 0 | |a modely ekonomické |
| 610 | 2 | 0 | |a modelovanie |
| 610 | 2 | 0 | |a modely |
| 610 | 2 | 0 | |a ukazovatele |
| 610 | 2 | 0 | |a G7 |
| 100 | 1 | |a Sédillot, Frank | |
| 700 | 1 | |a Pain, Nigel | |